<?xml version="1.0" encoding="UTF-8"?>
<record
    xmlns:xsi="http://www.w3.org/2001/XMLSchema-instance"
    xsi:schemaLocation="http://www.loc.gov/MARC21/slim http://www.loc.gov/standards/marcxml/schema/MARC21slim.xsd"
    xmlns="http://www.loc.gov/MARC21/slim">

  <leader>01503nam a22001937a 4500</leader>
  <controlfield tag="003">IT-RoPau</controlfield>
  <controlfield tag="005">20220918175936.0</controlfield>
  <controlfield tag="008">121206b        xxu||||| |||| 00| 0 eng d</controlfield>
  <datafield tag="040" ind1=" " ind2=" ">
    <subfield code="c">IT-RoPau</subfield>
  </datafield>
  <datafield tag="100" ind1=" " ind2=" ">
    <subfield code="a">Alberione Giacomo</subfield>
    <subfield code="q">Fondatore Famiglia Paolina </subfield>
    <subfield code="9">19</subfield>
  </datafield>
  <datafield tag="245" ind1=" " ind2=" ">
    <subfield code="a">Giacomo Alberione un uomo, un idea.</subfield>
    <subfield code="b">Volume Secondo 1923-1945</subfield>
  </datafield>
  <datafield tag="250" ind1=" " ind2=" ">
    <subfield code="a">I</subfield>
  </datafield>
  <datafield tag="260" ind1=" " ind2=" ">
    <subfield code="a">Roma</subfield>
    <subfield code="b">SSP</subfield>
    <subfield code="c">1988</subfield>
  </datafield>
  <datafield tag="300" ind1=" " ind2=" ">
    <subfield code="a">270 p.</subfield>
    <subfield code="c">21,2 cm</subfield>
  </datafield>
  <datafield tag="490" ind1=" " ind2=" ">
    <subfield code="a">Archivio Storico Generale della Famiglia Paolina</subfield>
    <subfield code="v">2&#xB0; v.</subfield>
  </datafield>
  <datafield tag="500" ind1=" " ind2=" ">
    <subfield code="a">VITA E OPERE 
del Fondatore della Famiglia Paolina</subfield>
  </datafield>
  <datafield tag="520" ind1=" " ind2=" ">
    <subfield code="a">INDICE

Chi &#xE8; Don Giacomo Alberione?
Indole, scopo e limiti di questa biografia
Spiegazione di alcune Sigle

Capitolo I.
L' IDEA INIZIALE SI CHIARIFICA E CONCRETIZZA

Capitolo II
LA SOFFERENZA LINFA NECESSARIA PER LA CRESCITA

Capitolo III
MERAVIGLIOSO MOLTIPLICARSI DI INIZIATIVE
APOSTOLICHE

Capitolo IV
LA PIA SOCIETA' SAN PAOLO ERETTA
IN CONGREGAZIONE RELIGIOSA

Capitolo V
LE FIGLIE DI SAN PAOLO DIVENTANO
CONGREGAZIONE RELIGIOSA

Capitolo VI
IL PAOLINO PREDICA IL VANGELO
CON LA SUA REDAZIONE

Capitolo VII
IL PAOLINO PREDICA IL VANGELO
CON LA SUA REDAZIONE

Capitolo VII
VOLERE O NO IL MONDO E' NOSTRO

Capitolo  VIII
ANDATE NEL MONDO A PREDICARE IL VANGELO

Capitolo  IX
FARE FUOCO CON LA LEGNA VERDE

Capitolo  X
LA DIFFICILE PROVA DELLA GUERRA

Capitolo  XI
SI GIUNGE ALLA PRIMA APPROVAZIONE  PONTIFICIA

Capitolo  XII
FERVORE GIOVANILE DI DON ALBERIONE SESSANTENNE

Indice generale del secondo volume</subfield>
  </datafield>
  <datafield tag="942" ind1=" " ind2=" ">
    <subfield code="2">ddc</subfield>
    <subfield code="c">BK</subfield>
  </datafield>
  <datafield tag="999" ind1=" " ind2=" ">
    <subfield code="c">37614</subfield>
    <subfield code="d">37614</subfield>
  </datafield>
  <datafield tag="952" ind1=" " ind2=" ">
    <subfield code="0">0</subfield>
    <subfield code="1">0</subfield>
    <subfield code="2">ddc</subfield>
    <subfield code="4">0</subfield>
    <subfield code="6">P_A6</subfield>
    <subfield code="7">1</subfield>
    <subfield code="a">PAULUS</subfield>
    <subfield code="b">PAULUS</subfield>
    <subfield code="d">2012-12-06</subfield>
    <subfield code="l">0</subfield>
    <subfield code="o">P A6</subfield>
    <subfield code="r">2012-12-06 00:00:00</subfield>
    <subfield code="w">2012-12-06</subfield>
    <subfield code="y">BK</subfield>
  </datafield>
  <datafield tag="952" ind1=" " ind2=" ">
    <subfield code="0">0</subfield>
    <subfield code="1">0</subfield>
    <subfield code="2">ddc</subfield>
    <subfield code="4">0</subfield>
    <subfield code="6">P_A6</subfield>
    <subfield code="7">1</subfield>
    <subfield code="a">PAULUS</subfield>
    <subfield code="b">PAULUS</subfield>
    <subfield code="d">2013-11-18</subfield>
    <subfield code="l">0</subfield>
    <subfield code="o">P A6</subfield>
    <subfield code="r">2013-11-18 00:00:00</subfield>
    <subfield code="w">2013-11-18</subfield>
    <subfield code="y">BK</subfield>
  </datafield>
</record>
